[Event "MCR mladeze 2014, H10"]
[Site "Kouty nad Desnou"]
[Date "2014.03.12"]
[Round "6"]
[White "Gnojek, Petr"]
[Black "Pribyl, Viktor"]
[Result "1-0"]
[WhiteElo "1511"]
[BlackElo "1482"]
[PlyCount "63"]
[EventDate "2014.??.??"]

1. d4 Nf6 2. Nf3 g6 3. e3 Bg7 4. c3 O-O 5. Bd3 d5 6. O-O b6 7. Nbd2 Bb7 8. Ne5
Nbd7 9. f4 Nxe5 10. fxe5 Nd7 11. Qe2 c5 12. b3 a6 13. Bb2 Re8 14. Qf3 Rf8 15.
Bc2 Rb8 16. Rf2 Qc7 17. Rc1 b5 18. Rcf1 e6 19. Qh3 Rbe8 20. Nf3 f6 21. exf6
Nxf6 22. Ng5 Bc8 23. Nxh7 Nxh7 24. Bxg6 Ng5 25. Qh5 Rxf2 26. Rxf2 Rf8 27. Rxf8+
Kxf8 28. Qxg5 c4 29. Ba3+ Kg8 30. Qh4 Bh8 31. Qh6 cxb3 32. Qf8# 1-0

[Event "MCR mladeze 2014, H10"]
[Site "Kouty nad Desnou"]
[Date "2014.03.12"]
[Round "6"]
[White "Stalmach, Richard"]
[Black "Barak, David"]
[Result "1-0"]
[WhiteElo "1529"]
[BlackElo "1273"]
[PlyCount "45"]
[EventDate "2014.??.??"]

1. d4 Nf6 2. c4 g6 3. Nc3 d5 4. Bg5 dxc4 5. e4 Bg7 6. Bxc4 O-O 7. f3 Nc6 8.
Nge2 h6 9. Be3 Bd7 10. e5 Nh7 11. h4 Na5 12. Bd3 Qe8 13. Qd2 c6 14. Ne4 b6 15.
Bxh6 f6 16. Bxg7 Kxg7 17. h5 g5 18. f4 fxe5 19. fxg5 exd4 20. g6 Nf6 21. h6+
Kg8 22. h7+ Kh8 23. Qh6 1-0

[Event "MCR mladeze 2014, H10"]
[Site "Kouty nad Desnou"]
[Date "2014.03.12"]
[Round "6"]
[White "Mica, Marek"]
[Black "Neumann, Filip"]
[Result "0-1"]
[WhiteElo "1369"]
[BlackElo "1333"]
[PlyCount "114"]
[EventDate "2014.??.??"]

1. d4 d5 2. c4 c6 3. Nc3 Nf6 4. Nf3 e6 5. Bg5 Nbd7 6. e3 Qa5 7. Bd3 Ne4 8. Qc2
Nxg5 9. Nxg5 dxc4 10. Bxc4 Qxg5 11. O-O Bb4 12. Ne4 Qe7 13. a3 Bd6 14. b4 Nf6
15. Nd2 O-O 16. e4 e5 17. d5 cxd5 18. Bxd5 Be6 19. Qd3 Bxd5 20. exd5 e4 21. Qb3
Rfd8 22. Rfe1 Be5 23. Rad1 Rac8 24. Nxe4 Nxe4 25. Rxe4 Bxh2+ 26. Kxh2 Qxe4 27.
d6 Qe5+ 28. g3 Rxd6 29. Rb1 Qh5+ 30. Kg2 Qd5+ 31. Qxd5 Rxd5 32. Rb3 Rcd8 33.
Rc3 R5d7 34. Re3 Kf8 35. Rc3 h6 36. Re3 Rd3 37. Re5 Rxa3 38. Rb5 b6 39. Rf5 Rb3
40. Rf4 Rd5 41. Rc4 Ke7 42. Rc7+ Rd7 43. Rc4 Kd6 44. Rd4+ Kc6 45. Rg4 g5 46. f4
Rxb4 47. Kf3 f5 48. Rxg5 hxg5 49. fxg5 Rd3+ 50. Kg2 Rbb3 51. Kh2 Rxg3 52. g6 f4
53. g7 Rh3+ 54. Kg2 Rbg3+ 55. Kf2 Rh2+ 56. Kf1 Rxg7 57. Ke1 Rg1# 0-1

[Event "MCR mladeze 2014, H10"]
[Site "Kouty nad Desnou"]
[Date "2014.03.12"]
[Round "6"]
[White "Skypala, Ondrej"]
[Black "Glozar, Petr"]
[Result "0-1"]
[WhiteElo "1482"]
[BlackElo "1526"]
[PlyCount "96"]
[EventDate "2014.??.??"]

1. e4 c5 2. Nf3 Nc6 3. d4 cxd4 4. Nxd4 g6 5. Nc3 Bg7 6. Be3 Nf6 7. Be2 O-O 8.
O-O d5 9. Nxc6 bxc6 10. e5 Nd7 11. f4 f6 12. exf6 Nxf6 13. Bc5 Nd7 14. Bd4 e5
15. Bxe5 Nxe5 16. fxe5 Rxf1+ 17. Kxf1 Bxe5 18. Bf3 Ba6+ 19. Kg1 Qb6+ 20. Kh1
Qxb2 21. Bxd5+ Kh8 22. Bxc6 Qxc3 23. Bxa8 Qxa1 24. Qxa1 Bxa1 25. Bd5 Bd4 26. g3
Kg7 27. Kg2 Be2 28. Bf3 Bxf3+ 29. Kxf3 Kf6 30. Ke4 Bb6 31. a4 Ke6 32. g4 g5 33.
h3 h6 34. c4 a5 35. c5 Bxc5 36. Kd3 Ke5 37. Kc4 Bb4 38. Kb5 Kf4 39. Kc6 Kg3 40.
Kd7 Kxh3 41. Ke6 Kxg4 42. Kd5 Kf3 43. Ke6 g4 44. Kf6 g3 45. Kg6 g2 46. Kxh6
g1=Q 47. Kh7 Bf8 48. Kh8 Qg7# 0-1

[Event "MCR mladeze 2014, H10"]
[Site "Kouty nad Desnou"]
[Date "2014.03.12"]
[Round "6"]
[White "Nemecek, Lukas"]
[Black "Nytra, Ondrej"]
[Result "1/2-1/2"]
[WhiteElo "1281"]
[BlackElo "1448"]
[PlyCount "34"]
[EventDate "2014.??.??"]

1. e4 e5 2. Nf3 Nc6 3. Bc4 Nf6 4. d4 exd4 5. e5 d5 6. Bb5 Ne4 7. Bxc6+ bxc6 8.
Nxd4 c5 9. Nf3 Ba6 10. Bd2 c4 11. c3 Bb5 12. Be3 a5 13. a4 Bd7 14. Qxd5 Bf5 15.
Qxc4 Rb8 16. Nd4 Nc5 17. Nd2 Nd3+ 1/2-1/2

[Event "MCR mladeze 2014, H10"]
[Site "Kouty nad Desnou"]
[Date "2014.03.12"]
[Round "6"]
[White "Tajovsky, Matej"]
[Black "Mach, Petr"]
[Result "1-0"]
[WhiteElo "1447"]
[BlackElo "1290"]
[PlyCount "71"]
[EventDate "2014.??.??"]

1. e4 e6 2. d4 d5 3. exd5 exd5 4. Bd3 Nc6 5. c3 Bd6 6. Ne2 Nf6 7. O-O O-O 8.
Bf4 Bxf4 9. Nxf4 Re8 10. Nd2 Qd6 11. Ne2 Be6 12. Nb3 b6 13. Rc1 a6 14. c4 dxc4
15. Bxc4 Bxc4 16. Rxc4 Re7 17. Ng3 Rd8 18. Nf5 Qd5 19. Nxe7+ Nxe7 20. Qc1 c6
21. Re1 Nf5 22. Re5 Nxd4 23. Rxd5 cxd5 24. Rxd4 Re8 25. Rd3 d4 26. Nxd4 Nd5 27.
Nf3 Nb4 28. Re3 Rd8 29. Qd2 Rc8 30. Qe1 Kf8 31. Qxb4+ Kg8 32. Qe7 h6 33. Qd7
Rc2 34. Re8+ Kh7 35. Qf5+ g6 36. Qxf7# 1-0

[Event "MCR mladeze 2014, H10"]
[Site "Kouty nad Desnou"]
[Date "2014.03.12"]
[Round "6"]
[White "Sebesta, Jan"]
[Black "Vojta, Jakub"]
[Result "1/2-1/2"]
[WhiteElo "1417"]
[BlackElo "1328"]
[PlyCount "54"]
[EventDate "2014.??.??"]

1. e4 d5 2. exd5 Nf6 3. d4 Nxd5 4. Nf3 Bg4 5. Be2 e6 6. O-O Nd7 7. Nbd2 Qe7 8.
Re1 g6 9. c3 Bg7 10. h3 Bxf3 11. Bxf3 c6 12. Bxd5 cxd5 13. Nf3 O-O 14. Bf4 h6
15. Qb3 Nb6 16. Ne5 g5 17. Bh2 Rac8 18. Qd1 Nc4 19. Nxc4 Rxc4 20. Qf3 Qf6 21.
Qxf6 Bxf6 22. Be5 Bxe5 23. dxe5 Rfc8 24. Rab1 Rd8 25. Rbd1 d4 26. Re4 Rd5 27.
Rexd4 Rcxd4 1/2-1/2

[Event "MCR mladeze 2014, H10"]
[Site "Kouty nad Desnou"]
[Date "2014.03.12"]
[Round "6"]
[White "Jirousek, Jan"]
[Black "Hofman, Krystof"]
[Result "1-0"]
[WhiteElo "1294"]
[BlackElo "1320"]
[PlyCount "65"]
[EventDate "2014.??.??"]

1. d4 Nf6 2. c4 g6 3. Nc3 d5 4. Bf4 c6 5. e3 Bg7 6. Nf3 O-O 7. Bd3 Nbd7 8. cxd5
Nxd5 9. Nxd5 cxd5 10. O-O Re8 11. Qb3 Nf6 12. h3 b6 13. Rac1 Nh5 14. Bh2 e6 15.
Rc2 Bb7 16. Rfc1 Rc8 17. Rxc8 Bxc8 18. Qc2 Qd7 19. Qc6 f5 20. Qxd7 Bxd7 21. Rc7
Nf6 22. Rxa7 Bc6 23. Rc7 Bd7 24. Be5 Rd8 25. Rb7 Bc6 26. Rxb6 Bd7 27. Rb8 Rxb8
28. Bxb8 Kf7 29. Ne5+ Ke7 30. b3 Kd8 31. Bd6 Ne8 32. Nf7+ Kc8 33. Ba6# 1-0

[Event "MCR mladeze 2014, H10"]
[Site "Kouty nad Desnou"]
[Date "2014.03.12"]
[Round "6"]
[White "Janouch, Jachym Stepan"]
[Black "Frank, Adam"]
[Result "1/2-1/2"]
[WhiteElo "1270"]
[BlackElo "1417"]
[PlyCount "56"]
[EventDate "2014.03.08"]

1. e4 e5 2. Nf3 Nc6 3. Bc4 Nf6 4. Nc3 Nxe4 5. Nxe4 d5 6. Bxd5 Qxd5 7. Nc3 Qd8
8. O-O Bd6 9. Re1 O-O 10. d3 Bg4 11. h3 Bh5 12. Nb5 a6 13. Nxd6 cxd6 14. c3 Qf6
15. Be3 e4 16. g4 Bxg4 17. hxg4 Qxf3 18. Qxf3 exf3 19. Bf4 d5 20. Re3 f5 21. g5
Rae8 22. Rae1 Rxe3 23. Rxe3 d4 24. Rxf3 Re8 25. Kf1 dxc3 26. bxc3 Kf7 27. Re3
Rd8 28. Ke2 Rd5 1/2-1/2

[Event "MCR mladeze 2014, H10"]
[Site "Kouty nad Desnou"]
[Date "2014.03.12"]
[Round "6"]
[White "Jun, Rudolf"]
[Black "Hosnedl, Matyas"]
[Result "1-0"]
[WhiteElo "1311"]
[BlackElo "1343"]
[PlyCount "153"]
[EventDate "2014.03.08"]

1. e4 c5 2. Nf3 d6 3. d4 cxd4 4. Nxd4 Nf6 5. Nc3 g6 6. Be3 Bg7 7. Bc4 O-O 8.
Qe2 Nc6 9. Nxc6 bxc6 10. O-O-O Ng4 11. Bd2 Qb6 12. f3 Bxc3 13. Bxc3 Nf2 14. Bd4
Qb4 15. Bxf2 c5 16. Qd3 Rb8 17. Qb3 Bd7 18. Qxb4 Rxb4 19. Be2 Rfb8 20. b3 a5
21. Kd2 Be6 22. Bc4 Bxc4 23. bxc4 Rxc4 24. Rb1 Rcb4 25. Rxb4 axb4 26. Rb1 Ra8
27. Ra1 c4 28. Rb1 Rb8 29. a3 b3 30. Kc3 Ra8 31. cxb3 Rxa3 32. Kxc4 Ra2 33. Rf1
Rb2 34. b4 e6 35. f4 d5+ 36. exd5 exd5+ 37. Kxd5 Rxb4 38. Rc1 Rxf4 39. Bg3 Rf5+
40. Kd4 Kf8 41. h4 g5 42. Rc8+ Ke7 43. hxg5 Kd7 44. Rc7+ Ke6 45. Rc5 Rxc5 46.
Kxc5 f6 47. gxf6 Kxf6 48. Kd4 Kg5 49. Ke3 Kg4 50. Bc7 h5 51. Kf2 h4 52. Bh2 Kf5
53. Kf3 Kg5 54. Bg3 Kh5 55. Bf4 Kg6 56. Kg4 Kh7 57. Kxh4 Kg8 58. g4 Kh8 59. g5
Kg8 60. Kh5 Kh7 61. Be5 Kg8 62. g6 Kf8 63. g7+ Kf7 64. Kh6 Ke6 65. Kh7 Kxe5 66.
g8=Q Kf6 67. Qe8 Kf5 68. Qe7 Kf4 69. Qe6 Kf3 70. Qe5 Kf2 71. Qe4 Kf1 72. Qc2
Ke1 73. Kg6 Kf1 74. Kg5 Ke1 75. Kf4 Kf1 76. Kf3 Kg1 77. Qg2# 1-0

[Event "MCR mladeze 2014, H10"]
[Site "Kouty nad Desnou"]
[Date "2014.03.12"]
[Round "6"]
[White "Oplustil, Pavel"]
[Black "Faja, Vilem"]
[Result "0-1"]
[WhiteElo "1382"]
[BlackElo "1382"]
[PlyCount "58"]
[EventDate "2014.03.08"]

1. e4 e5 2. Nf3 Nc6 3. d4 exd4 4. Bc4 Nf6 5. e5 d5 6. Bb5 Ne4 7. Nxd4 Bd7 8.
Bxc6 Bxc6 9. Nxc6 bxc6 10. O-O Bc5 11. Nd2 Nxd2 12. Bxd2 O-O 13. Qe2 Re8 14.
Be3 Rxe5 15. Qf3 Qe7 16. Bxc5 Qxc5 17. Qg3 Rae8 18. Kh1 Qxc2 19. f4 Rf5 20. Qh3
g6 21. g4 Qe4+ 22. Kg1 Rxf4 23. Rae1 Rxf1+ 24. Rxf1 Qd4+ 25. Kh1 Qxb2 26. Qg3
Re2 27. Qxc7 Qg7 28. Qxc6 Qe5 29. Qc8+ Kg7 0-1

[Event "MCR mladeze 2014, H10"]
[Site "Kouty nad Desnou"]
[Date "2014.03.12"]
[Round "6"]
[White "Svanda, Adam"]
[Black "Prazak, Viktor"]
[Result "0-1"]
[WhiteElo "1367"]
[BlackElo "1354"]
[PlyCount "72"]
[EventDate "2014.03.08"]

1. c4 e5 2. Nc3 Nf6 3. g3 d5 4. cxd5 Nxd5 5. Bg2 Be6 6. d3 Nc6 7. Nf3 Be7 8. e4
Nxc3 9. bxc3 O-O 10. O-O f6 11. d4 exd4 12. cxd4 Bg4 13. Bb2 Kh8 14. h3 Bh5 15.
d5 Ne5 16. Bxe5 Bxf3 17. Bxf3 fxe5 18. Bg2 Qd7 19. Rb1 b6 20. Qc2 Rac8 21. Rfc1
Bc5 22. Rf1 c6 23. dxc6 Rxc6 24. Rbd1 Qe6 25. Rd5 h6 26. Qc4 Bxf2+ 27. Rxf2
Rxc4 28. Rxf8+ Kh7 29. Rf5 Rc1+ 30. Kh2 Rc2 31. Rfxe5 Qf6 32. Rf5 Qc6 33. g4
Qc4 34. Kg1 Qe2 35. Bf3 Qh2+ 36. Kf1 Qf2# 0-1

[Event "MCR mladeze 2014, H10"]
[Site "Kouty nad Desnou"]
[Date "2014.03.13"]
[Round "7"]
[White "Stalmach, Richard"]
[Black "Gnojek, Petr"]
[Result "0-1"]
[WhiteElo "1529"]
[BlackElo "1511"]
[PlyCount "70"]
[EventDate "2014.??.??"]

1. d4 d5 2. Nf3 e6 3. c4 c6 4. Bf4 dxc4 5. e4 b5 6. Nc3 Bb7 7. a4 a6 8. d5 exd5
9. exd5 cxd5 10. axb5 axb5 11. Rxa8 Bxa8 12. Nxb5 Bb4+ 13. Nd2 Qe7+ 14. Be2 Na6
15. O-O Qf6 16. Bg3 Ne7 17. Bg4 O-O 18. Nf3 Qxb2 19. Qa4 Nc5 20. Qa7 Nc6 21.
Qc7 Ba5 22. Qd6 Qxb5 23. Bf5 Rd8 24. Qf4 Ne7 25. Bb1 Nd7 26. Ng5 Nf6 27. Bxh7+
Kf8 28. h4 d4 29. h5 Qd5 30. f3 Nxh5 31. Qh4 Nxg3 32. Be4 Qe5 33. f4 Ne2+ 34.
Kh1 Qd6 35. Bxa8 Rxa8 0-1

[Event "MCR mladeze 2014, H10"]
[Site "Kouty nad Desnou"]
[Date "2014.03.13"]
[Round "7"]
[White "Neumann, Filip"]
[Black "Jirousek, Jan"]
[Result "0-1"]
[WhiteElo "1333"]
[BlackElo "1294"]
[PlyCount "120"]
[EventDate "2014.??.??"]

1. e4 Nf6 2. e5 Nd5 3. d4 d6 4. c4 Nb6 5. f4 dxe5 6. fxe5 e6 7. Nf3 Nc6 8. Be2
Be7 9. O-O O-O 10. Nc3 Qd7 11. Be3 Rd8 12. a3 a5 13. Qc2 Rf8 14. Bd3 g6 15. Bh6
Rd8 16. Ng5 Qxd4+ 17. Qf2 Qxf2+ 18. Rxf2 Bxg5 19. Bxg5 Rxd3 20. Raf1 Nxe5 21.
Bf4 Nbxc4 22. b3 Rxc3 23. bxc4 Nxc4 24. Bxc7 f5 25. Rd1 Ne3 26. Rd8+ Kf7 27.
Rc2 Rxc2 28. Bd6 Rd2 29. Rf8+ Kg7 30. Rd8 Nc4 31. Be5+ Kf7 32. Rxd2 Nxd2 33.
Kf2 Ne4+ 34. Ke3 Bd7 35. Bc7 Rc8 36. Bxa5 Bb5 37. Bb4 Rc2 38. a4 Bxa4 39. Be1
Rxg2 40. Kf3 Rc2 41. Ba5 b5 42. Bb4 Rc4 43. Ba5 b4 44. Bxb4 Rxb4 45. h4 Nd2+
46. Kg3 Rg4+ 47. Kh3 Rxh4+ 48. Kxh4 e5 49. Kg3 e4 50. Kf2 Nf3 51. Ke3 h5 52.
Kf2 h4 53. Kg2 h3+ 54. Kxh3 e3 55. Kg3 e2 56. Kxf3 Bd1 57. Kf2 Ke6 58. Ke1 g5
59. Kf2 g4 60. Ke1 g3 0-1

[Event "MCR mladeze 2014, H10"]
[Site "Kouty nad Desnou"]
[Date "2014.03.13"]
[Round "7"]
[White "Pribyl, Viktor"]
[Black "Glozar, Petr"]
[Result "0-1"]
[WhiteElo "1482"]
[BlackElo "1526"]
[PlyCount "112"]
[EventDate "2014.??.??"]

1. d4 d5 2. c4 e6 3. Nc3 Nf6 4. Nf3 Be7 5. Bf4 O-O 6. c5 b6 7. b4 a5 8. a3 Bd7
9. e3 axb4 10. axb4 Nc6 11. Rxa8 Qxa8 12. b5 Qa5 13. Qc1 Na7 14. c6 Nxc6 15.
bxc6 Bxc6 16. Ne5 Bb7 17. Bd3 Bb4 18. Kd2 Qa2+ 19. Kd1 Qb3+ 20. Kd2 Ra8 21. Bb1
Bxc3+ 22. Qxc3 Ra2+ 23. Qc2 Ne4+ 24. Kc1 Rxc2+ 25. Bxc2 Qa3+ 26. Kd1 Qa1+ 27.
Ke2 Qxh1 28. Kf3 g5 29. Bg3 h5 30. Nd7 Ba6 31. Bxc7 Nd2+ 32. Kg3 Nf1+ 33. Kf3
Nxh2+ 34. Bxh2 Qxh2 35. Ne5 f5 36. Bd3 Bxd3 37. Nxd3 g4+ 38. Ke2 Qxg2 39. Nf4
Qf3+ 40. Kf1 Qxf4 41. exf4 b5 42. Ke2 b4 43. Kd3 h4 44. Kc2 h3 45. Kb3 h2 46.
Kxb4 h1=Q 47. Kc5 Qc1+ 48. Kd6 Qxf4+ 49. Kxe6 Qe4+ 50. Kf6 Qxd4+ 51. Kxf5 Qxf2+
52. Kxg4 Kf7 53. Kg5 Qf3 54. Kh4 Qg2 55. Kh5 Qg3 56. Kh6 Qh4# 0-1

[Event "MCR mladeze 2014, H10"]
[Site "Kouty nad Desnou"]
[Date "2014.03.13"]
[Round "7"]
[White "Skypala, Ondrej"]
[Black "Tajovsky, Matej"]
[Result "1-0"]
[WhiteElo "1482"]
[BlackElo "1447"]
[PlyCount "113"]
[EventDate "2014.??.??"]

1. e4 c5 2. Nf3 d6 3. d4 cxd4 4. Nxd4 Nf6 5. Nc3 a6 6. Be2 e6 7. O-O Be7 8. Kh1
O-O 9. Be3 Nc6 10. f3 Nxd4 11. Qxd4 b5 12. Qb6 Qxb6 13. Bxb6 Bb7 14. a3 Rac8
15. h3 Rc6 16. Bd4 Nh5 17. Kh2 Nf4 18. Rfe1 Nxe2 19. Rxe2 Rc4 20. Rd1 b4 21.
axb4 Rxb4 22. Na2 Rc4 23. b3 Rc7 24. c4 Ba8 25. Nc3 Rb8 26. Rb1 Rcb7 27. Ra2
Rxb3 28. Rxb3 Rxb3 29. Rxa6 Bb7 30. Rb6 Rxb6 31. Bxb6 Bf6 32. Nb5 Be5+ 33. g3
d5 34. cxd5 exd5 35. exd5 Bxd5 36. f4 Bb8 37. Nc7 Bc6 38. h4 Kf8 39. Bc5+ Kg8
40. Na6 Bxf4 41. gxf4 f6 42. Nb4 Bd7 43. Kg3 Kf7 44. Nd5 Ke6 45. Ne7 Kf7 46. h5
g6 47. h6 f5 48. Kh4 Bb5 49. Kg5 Be8 50. Nd5 Bc6 51. Nf6 Bd5 52. Nxh7 Kg8 53.
Nf6+ Kh8 54. h7 Bf7 55. Bd4 Be6 56. Kh6 Bf7 57. Ne8# 1-0

[Event "MCR mladeze 2014, H10"]
[Site "Kouty nad Desnou"]
[Date "2014.03.13"]
[Round "7"]
[White "Barak, David"]
[Black "Mica, Marek"]
[Result "1/2-1/2"]
[WhiteElo "1273"]
[BlackElo "1369"]
[PlyCount "134"]
[EventDate "2014.??.??"]

1. e4 c5 2. Nf3 d6 3. Bb5+ Bd7 4. Bxd7+ Qxd7 5. d4 cxd4 6. Nxd4 Nf6 7. Nc3 g6
8. h3 Bg7 9. Be3 O-O 10. O-O Nc6 11. Qd2 Ne5 12. Qe2 Rac8 13. Rab1 Nc4 14. Qd3
Nxe3 15. Qxe3 d5 16. e5 Ne8 17. e6 Qd6 18. exf7+ Rxf7 19. Qd3 Bxd4 20. Qxd4 Rc5
21. Rfd1 Nf6 22. Rd2 a6 23. a3 e6 24. Re1 Nd7 25. Ne4 Qc6 26. Nxc5 Nxc5 27. f3
Qd6 28. Qe5 Qb6 29. Kh1 Rf5 30. Qe3 a5 31. c3 Kf7 32. b4 axb4 33. cxb4 Nd7 34.
Qxb6 Nxb6 35. Rc2 Nc4 36. a4 Ke7 37. a5 Kd6 38. a6 bxa6 39. Ra2 d4 40. Rxa6+
Kd5 41. Kg1 d3 42. Kf2 d2 43. Rd1 Kd4 44. Ra2 Kd3 45. g3 Re5 46. f4 Re2+ 47.
Kf3 Re1 48. Raa1 Rxd1 49. Rxd1 Nb2 50. Rh1 Nc4 51. b5 Nb6 52. Rd1 Nc4 53. g4
Nb6 54. h4 Nd5 55. h5 gxh5 56. gxh5 Kc2 57. Rh1 d1=Q+ 58. Rxd1 Kxd1 59. Ke4
Nc3+ 60. Ke5 Nxb5 61. Kxe6 Ke2 62. f5 Nd4+ 63. Kf6 Kf3 64. Kg5 Ke4 65. f6 Ke5
66. f7 Ne6+ 67. Kh6 Nf8 1/2-1/2

[Event "MCR mladeze 2014, H10"]
[Site "Kouty nad Desnou"]
[Date "2014.03.13"]
[Round "7"]
[White "Nytra, Ondrej"]
[Black "Sebesta, Jan"]
[Result "1-0"]
[WhiteElo "1448"]
[BlackElo "1417"]
[PlyCount "57"]
[EventDate "2014.??.??"]

1. e4 d5 2. exd5 Qxd5 3. Nc3 Qa5 4. d4 Nf6 5. Bd2 Nc6 6. Nb5 Qb6 7. a4 a5 8.
Be3 Nd5 9. c4 Nxe3 10. fxe3 Kd7 11. c5 Qa6 12. Nxc7 Qa7 13. Nxa8 Qxa8 14. Bb5
Kc7 15. Bxc6 bxc6 16. Nf3 f6 17. Qb3 Qa7 18. O-O e6 19. Qc3 h6 20. b4 axb4 21.
Qxb4 Ba6 22. Rfb1 Be7 23. Qa5+ Kd7 24. Rb2 Bd8 25. Qc3 Bc7 26. Nd2 e5 27. Nc4
Bxc4 28. Qxc4 Re8 29. d5 1-0

[Event "MCR mladeze 2014, H10"]
[Site "Kouty nad Desnou"]
[Date "2014.03.13"]
[Round "7"]
[White "Vojta, Jakub"]
[Black "Nemecek, Lukas"]
[Result "1-0"]
[WhiteElo "1328"]
[BlackElo "1281"]
[PlyCount "79"]
[EventDate "2014.??.??"]

1. c4 Nf6 2. Nc3 e6 3. d4 d5 4. Bg5 Nbd7 5. e3 c6 6. Nf3 Be7 7. Be2 O-O 8. O-O
h6 9. Bf4 c5 10. cxd5 cxd4 11. d6 e5 12. exd4 exf4 13. dxe7 Qxe7 14. Re1 b6 15.
Nh4 g6 16. Nxg6 Qd8 17. Nxf8 Qxf8 18. Rc1 Bb7 19. Bf3 Bxf3 20. Qxf3 Rd8 21.
Qxf4 Kh8 22. Re5 Nxe5 23. Qxf6+ Kg8 24. dxe5 Rd7 25. Rd1 Qe8 26. Rxd7 Qxd7 27.
Qxh6 b5 28. Qg5+ Kf8 29. Qf6 Kg8 30. Qd6 Qf5 31. h3 Qf4 32. g3 Qc1+ 33. Kg2
Qxb2 34. Nd5 Qxa2 35. e6 fxe6 36. Qxe6+ Kg7 37. Qf6+ Kh7 38. Ne7 b4 39. Qg6+
Kh8 40. Qh6# 1-0

[Event "MCR mladeze 2014, H10"]
[Site "Kouty nad Desnou"]
[Date "2014.03.13"]
[Round "7"]
[White "Mach, Petr"]
[Black "Jun, Rudolf"]
[Result "1/2-1/2"]
[WhiteElo "1290"]
[BlackElo "1311"]
[PlyCount "71"]
[EventDate "2014.??.??"]

1. e4 c5 2. Nf3 e6 3. d4 cxd4 4. Nxd4 a6 5. Nc3 Qc7 6. Bd2 d6 7. Bd3 Nf6 8. Nf3
Be7 9. O-O O-O 10. Re1 b5 11. a3 Bb7 12. Be3 Nbd7 13. h3 Rac8 14. Rc1 Nc5 15.
Bf4 Qb6 16. e5 Bxf3 17. Qxf3 Nxd3 18. Qxd3 dxe5 19. Bxe5 Bc5 20. Re2 Be7 21.
Qe3 Qxe3 22. Rxe3 Nd7 23. Bg3 Bf6 24. Rd1 Rfd8 25. Rdd3 Nc5 26. Rxd8+ Rxd8 27.
Be5 Bxe5 28. Rxe5 Nd7 29. Re3 Nb6 30. Rd3 Rxd3 31. cxd3 Kf8 32. Kf1 Ke7 33. Ke2
Kd6 34. Ne4+ Ke5 35. Ng5 f6 36. Nf3+ 1/2-1/2

[Event "MCR mladeze 2014, H10"]
[Site "Kouty nad Desnou"]
[Date "2014.03.13"]
[Round "7"]
[White "Faja, Vilem"]
[Black "Janouch, Jachym Stepan"]
[Result "1/2-1/2"]
[WhiteElo "1382"]
[BlackElo "1270"]
[PlyCount "91"]
[EventDate "2014.03.08"]

1. d4 d5 2. Nf3 Nf6 3. e3 e6 4. Bd3 Nbd7 5.
b3 c5 6. O-O Bd6 7. Bb2 O-O 8. Ne5 Qc7 9. f4 b6 10. Nd2 Bb7 11. Qf3 c4 12. Nxd7
Qxd7 13. Be2 Rac8 14. bxc4 dxc4 15. e4 Qc7 16. Bxc4 Nxe4 17. Nxe4 Bxe4 18. Qxe4
Qxc4 19. c3 Rfe8 20. Rf3 Qd5 21. Qd3 Qc4 22. Qe3 f6 23. a3 e5 24. fxe5 fxe5 25.
Re1 h6 26. Qd2 exd4 27. cxd4 Qc6 28. Rxe8+ Rxe8 29. d5 Qc5+ 30. Qd4 Qxd4+ 31.
Bxd4 Rf8 32. Rxf8+ Kxf8 33. a4 Bc5 34. Bxc5+ bxc5 35. Kf2 Ke7 36. Ke3 Kd6 37.
Ke4 a5 38. g4 g6 39. h4 g5 40. h5 c4 41. Kd4 c3 42. Kxc3 Kxd5 43. Kd3 Ke5 44.
Ke3 Kd5 45. Kd3 Ke5 46. Ke3 1/2-1/2

[Event "MCR mladeze 2014, H10"]
[Site "Kouty nad Desnou"]
[Date "2014.03.13"]
[Round "7"]
[White "Frank, Adam"]
[Black "Oplustil, Pavel"]
[Result "0-1"]
[WhiteElo "1417"]
[BlackElo "1382"]
[PlyCount "82"]
[EventDate "2014.03.08"]

1. e4 c5 2. Nf3 d6 3. d4 cxd4 4. Nxd4 Nf6 5. Nc3 g6 6. Be3 Bg7 7. Be2 O-O 8. f4
Nc6 9. g4 Qa5 10. g5 Nxe4 11. Qd3 Nxc3 12. bxc3 Bd7 13. Rb1 Rab8 14. h4 Qxa2
15. Kd2 Nxd4 16. Bxd4 Bf5 17. Qg3 Qxc2+ 18. Ke3 Bxd4+ 19. cxd4 Qe4+ 20. Kf2
Qxd4+ 21. Kg2 Bxb1 22. Rd1 Be4+ 23. Kh2 Qb2 24. Qe3 Bf5 25. Rd2 Qb4 26. Rd4 Qc5
27. Qd2 e5 28. fxe5 Qxe5+ 29. Kg2 Be4+ 30. Kh3 Rbc8 31. Bg4 Rc2 32. Qxc2 Bxc2
33. Rb4 Bf5 34. Bxf5 Qxf5+ 35. Kg2 Rc8 36. h5 Qxg5+ 37. Kf3 Rc3+ 38. Kf2 Qc5+
39. Ke2 Qxb4 40. hxg6 Qb2+ 41. Kd1 Rc1# 0-1

[Event "MCR mladeze 2014, H10"]
[Site "Kouty nad Desnou"]
[Date "2014.03.13"]
[Round "7"]
[White "Hosnedl, Matyas"]
[Black "Prazak, Viktor"]
[Result "1-0"]
[WhiteElo "1343"]
[BlackElo "1354"]
[PlyCount "99"]
[EventDate "2014.03.08"]

1. e4 c5 2. d4 cxd4 3. c3 dxc3 4. Nxc3 Nc6 5. Nf3 d6 6. Bc4 a6 7. Qe2 Nf6 8.
O-O Bg4 9. Rd1 Bxf3 10. Qxf3 Ne5 11. Qe2 Nxc4 12. Qxc4 Qc8 13. Qb3 g6 14. Be3
Bg7 15. Rac1 O-O 16. Nd5 Qb8 17. Nb6 Nxe4 18. Nxa8 Qxa8 19. f3 Nf6 20. Rc7 b5
21. Rxe7 d5 22. Ra7 Qc6 23. Rc1 Qd6 24. Rcc7 Re8 25. Kf2 Qe5 26. Qc3 Qe6 27.
Rc6 Ne4+ 28. fxe4 Bxc3 29. Rxe6 Rxe6 30. bxc3 dxe4 31. Bd4 f5 32. Ke3 h6 33.
Kf4 h5 34. h4 Kf8 35. Rb7 Ke8 36. g3 Kf8 37. Rb6 Kf7 38. Kg5 Rxb6 39. Bxb6 Kg7
40. Bd4+ Kh7 41. Kf6 Kh6 42. Be3+ Kh7 43. Kf7 a5 44. a3 a4 45. Bf4 Kh8 46. Kxg6
Kg8 47. Kxf5 Kf7 48. Kxe4 Kg6 49. Kd5 Kf5 50. Kc5 1-0

[Event "MCR mladeze 2014, H10"]
[Site "Kouty nad Desnou"]
[Date "2014.03.13"]
[Round "7"]
[White "Hofman, Krystof"]
[Black "Svanda, Adam"]
[Result "1-0"]
[WhiteElo "1320"]
[BlackElo "1367"]
[PlyCount "63"]
[EventDate "2014.03.08"]

1. e4 c6 2. d4 d5 3. Nc3 dxe4 4. Nxe4 Bf5 5. Bd3 e6 6. Nf3 Bxe4 7. Bxe4 Nf6 8.
Bd3 Nbd7 9. Be3 Bd6 10. O-O O-O 11. c4 c5 12. d5 exd5 13. cxd5 Nxd5 14. Bxh7+
Kxh7 15. Qxd5 Nf6 16. Qxb7 Ng4 17. Qe4+ f5 18. Qe6 Kh8 19. Rfd1 Nxe3 20. Rxd6
Qf6 21. Qxf6 Rxf6 22. Rxf6 gxf6 23. fxe3 Rf8 24. b3 Re8 25. Kf2 a5 26. Rc1 Rc8
27. Nh4 a4 28. Nxf5 axb3 29. axb3 Rb8 30. Rc3 Rb5 31. Nd6 Rb4 32. Kf3 1-0

[Event "MCR mladeze 2014, H10"]
[Site "Kouty nad Desnou"]
[Date "2014.03.14"]
[Round "8"]
[White "Glozar, Petr"]
[Black "Gnojek, Petr"]
[Result "1-0"]
[WhiteElo "1526"]
[BlackElo "1511"]
[PlyCount "49"]
[EventDate "2014.??.??"]

1. d4 f5 2. Nc3 Nf6 3. Bg5 e6 4. e4 h6 5. Bxf6 Qxf6 6. exf5 Qxf5 7. Bd3 Qf7 8.
Nf3 d6 9. Nh4 Qf6 10. Qh5+ Kd7 11. Ne4 Qxd4 12. Qf7+ Be7 13. Ng6 Re8 14. O-O-O
c6 15. Nxd6 Kxd6 16. Be4 Bg5+ 17. f4 Qxd1+ 18. Rxd1+ Kc5 19. Qxe8 Bxf4+ 20.
Nxf4 Na6 21. Nxe6+ Kb6 22. Qd8+ Kb5 23. Bd3+ Ka4 24. b3+ Kb4 25. c3+ 1-0

[Event "MCR mladeze 2014, H10"]
[Site "Kouty nad Desnou"]
[Date "2014.03.14"]
[Round "8"]
[White "Mica, Marek"]
[Black "Stalmach, Richard"]
[Result "0-1"]
[WhiteElo "1369"]
[BlackElo "1529"]
[PlyCount "146"]
[EventDate "2014.??.??"]

1. d4 c5 2. Nf3 e6 3. e4 d5 4. exd5 exd5 5. c4 Nf6 6. Nc3 Nc6 7. Be3 Bg4 8.
cxd5 cxd4 9. Bxd4 Bxf3 10. gxf3 Nxd5 11. Nxd5 Qxd5 12. Bc3 Qxd1+ 13. Rxd1 Bb4
14. Rd3 Bxc3+ 15. Rxc3 O-O 16. Be2 Nd4 17. Kd2 Nxe2 18. Kxe2 Rac8 19. Rhc1
Rfe8+ 20. Kf1 Rcd8 21. Re3 h6 22. Ke2 Rxe3+ 23. fxe3 Rd7 24. Rc3 Kh7 25. e4 Kg6
26. Ke3 Kg5 27. f4+ Kg4 28. Rc2 g5 29. fxg5 hxg5 30. Rg2+ Kh4 31. e5 g4 32. Ke4
b5 33. Kf5 Rd4 34. Rf2 g3 35. hxg3+ Kxg3 36. Rc2 Rf4+ 37. Kg5 Kf3 38. Rc1 Rg4+
39. Kf6 Rf4+ 40. Ke7 Rf5 41. Kd6 Ke4 42. Rd1 Rf2 43. Re1+ Kd3 44. Rd1+ Kc2 45.
Rd5 a6 46. a4 b4 47. Ra5 b3 48. Rxa6 Kxb2 49. Ke7 Ka2 50. Rb6 Re2 51. Rb5 b2
52. Rxb2+ Kxb2 53. Kf6 Kc3 54. a5 Kd4 55. a6 Rxe5 56. a7 Ra5 57. Kxf7 Rxa7+ 58.
Kf6 Ra5 59. Kg6 Ke4 60. Kh6 Kf4 61. Kg6 Rf5 62. Kg7 Ke5 63. Kg6 Ke6 64. Kg7 Rf1
65. Kg8 Ke7 66. Kg7 Rg1+ 67. Kh6 Kf6 68. Kh5 Kf5 69. Kh4 Kf4 70. Kh3 Kf3 71.
Kh2 Rg8 72. Kh1 Kf2 73. Kh2 Rh8# 0-1